စတုသစ္စဒဠှီကမ္မကထာ / (Record no. 24255)

000 -LEADER
fixed length control field 01165nam a22002417a 4500
003 - CONTROL NUMBER IDENTIFIER
control field OSt
005 - DATE AND TIME OF LATEST TRANSACTION
control field 20241120100953.0
008 - FIXED-LENGTH DATA ELEMENTS--GENERAL INFORMATION
fixed length control field 230429b ||||| |||| 00| 0 eng d
040 ## - CATALOGING SOURCE
Transcribing agency SSBUL
082 ## - DEWEY DECIMAL CLASSIFICATION NUMBER
Edition number 23
Classification number ၂၉၄.၃၈၂၄
100 0# - MAIN ENTRY--PERSONAL NAME
Personal name ရေဝတ၊ ဘဒ္ဒန္တ၊ အရှင် (သစ္စာဒီပကဆရာတော်)။
9 (RLIN) 53791
245 10 - TITLE STATEMENT
Title စတုသစ္စဒဠှီကမ္မကထာ /
Statement of responsibility, etc. အရှင်ရေဝတ(သစ္စာဒီပကဆရာတော်)။
250 ## - EDITION STATEMENT
Edition statement နဝမအကြိမ်။
260 ## - PUBLICATION, DISTRIBUTION, ETC.
Place of publication, distribution, etc. ရန်ကုန် ၊
Name of publisher, distributor, etc. သာသနာရေးဦးစီးဌာန၊
Date of publication, distribution, etc. ၁၉၈၀။
300 ## - PHYSICAL DESCRIPTION
Extent ၃၆၈ စာမျက်နှာ ၊
-- ဂူ၊ ၃၉၂ စာမျက်နှာ ၊
Dimensions ၁၈ စင်တီ။
Other physical details ၂၂ စင်တီ။
500 ## - GENERAL NOTE
General note S-SL:U San Lwin<br/>S-SAT: U Sai Aung Tun Collection<br/>S-KZN: Prof. Kyaw Zaw Naing
General note အက္ခရာစဉ်အညွှန်းပါသည်။
650 ## - SUBJECT ADDED ENTRY--TOPICAL TERM
Form subdivision သစ္စာလေးပါး
9 (RLIN) 7268
Topical term or geographic name entry element ဝိပဿနာ
942 ## - ADDED ENTRY ELEMENTS (KOHA)
Koha item type Book (Short term)
Source of classification or shelving scheme
Source of classification or shelving scheme
Source of classification or shelving scheme
Holdings
Withdrawn status Lost status Source of classification or shelving scheme Damaged status Not for loan Collection code Permanent Location Current Location Shelving location Date acquired Total Checkouts Full call number Barcode Date last seen Price effective from Koha item type Accession Date last checked out
          Special Collections Shan State Buddhist University Library Shan State Buddhist University Library Special Collection Shelves 29/04/2023   ၂၉၄.၃၈၂၄ ရေ ၁၄၁၅၉ S-KZN MB00014159 29/04/2023 29/04/2023 Book (Short term) ၁၄၁၅၉ S-KZN  
          Myanmar Collection Shan State Buddhist University Library Shan State Buddhist University Library Myanmar Shelves 29/04/2023   ၂၉၄.၃၈၂၄ ရေ ၁၂၃၆ MB00001236 11/03/2024 29/04/2023 Books (Long term) ၁၂၃၆  
          Special Collections Shan State Buddhist University Library Shan State Buddhist University Library Special Collection Shelves 29/04/2023   ၂၉၄.၃၈၂၄ ရေ ၁၄၁၆၀ S-KZN MB00014160 28/08/2024 29/04/2023 Book (Short term) ၁၄၁၆၀ S-KZN  
          Special Collections Shan State Buddhist University Library Shan State Buddhist University Library Special Collection Shelves 29/04/2023 1 ၂၉၄.၃၈၂၄ ရေ ၇၄၄၂ S-SL MB00007442 04/02/2026 29/04/2023 Book (Short term) ၇၄၄၂ S-SL 03/02/2026
          Special Collections Shan State Buddhist University Library Shan State Buddhist University Library Special Collection Shelves 29/04/2023   ၂၉၄.၃၈၂၄ ရေ ၉၀၇၈ S-SAT MB00009078 28/08/2024 29/04/2023 Book (Short term) ၉၀၇၈ S-SAT  

Library - 09407999929
Admin Office - 09407999979
Dean Office - 09250910768
Registrar Office - 09892297154
Email - [email protected]
Shan State Buddhist University, Phaya Phyu Taunggyi, Shan State, Myanmar.